[Event "WORLD YOUTH CHESS CHAMPIONSHIP 2009 (16"]
[Site "?"]
[Date "2009.11.13"]
[Round "2.1"]
[White "Cori T, Deysi"]
[Black "Sirkova, Darena"]
[Result "1-0"]
[WhiteElo "2374"]
[BlackElo "2099"]
[PlyCount "81"]
[EventDate "2009.11.12"]

1. d4 Nf6 2. c4 c5 3. d5 b5 4. cxb5 a6 5. b6 e6 6. Nc3 Nxd5 7. Nxd5 exd5 8.
Qxd5 Nc6 9. e4 Be7 10. Bc4 O-O 11. Nf3 Rb8 12. O-O Rxb6 13. Rd1 Na5 14. Bd3 Rd6
15. Qh5 c4 16. Bd2 cxd3 17. Bxa5 Qe8 18. Bc3 Bb7 19. e5 Rg6 20. Qf5 Qa8 21. Kf1
Be4 22. Qf4 h5 23. h3 Rc8 24. Qe3 Rc4 25. Rxd3 Bc5 26. Qe2 Bxd3 27. Qxd3 Qe4
28. Qxd7 Rxc3 29. Qd8+ Bf8 30. bxc3 Qc4+ 31. Kg1 Qxc3 32. Qd1 Qc8 33. Kh2 Bc5
34. Rc1 Qf8 35. Rc2 Qe7 36. Qd5 Bb6 37. Rc8+ Kh7 38. Qa8 Re6 39. Rh8+ Kg6 40.
Qe4+ f5 41. Nh4+ 1-0

[Event "WORLD YOUTH CHESS CHAMPIONSHIP 2009 (16"]
[Site "?"]
[Date "2009.11.13"]
[Round "2.2"]
[White "Endress, Anna"]
[Black "Padmini, Rout"]
[Result "0-1"]
[WhiteElo "2090"]
[BlackElo "2333"]
[PlyCount "47"]
[EventDate "2009.11.12"]

1. e4 c5 2. Nf3 d6 3. Bb5+ Nc6 4. O-O Bd7 5. Re1 Nf6 6. c3 a6 7. Ba4 b5 8. Bc2
e5 9. d4 cxd4 10. cxd4 Be7 11. d5 Nb4 12. Bb3 a5 13. a3 Na6 14. h3 O-O 15. Nbd2
Qc7 16. Nf1 a4 17. Bc2 Rac8 18. Bd3 Nc5 19. Bg5 h6 20. Bh4 g5 21. Bg3 Nxd3 22.
Qxd3 Qc2 23. Qxc2 Rxc2 24. Rac1 0-1

[Event "WORLD YOUTH CHESS CHAMPIONSHIP 2009 (16"]
[Site "?"]
[Date "2009.11.13"]
[Round "2.3"]
[White "Papp, Petra"]
[Black "Ognerubova, Anastasia"]
[Result "1-0"]
[WhiteElo "2271"]
[BlackElo "2077"]
[PlyCount "74"]
[EventDate "2009.11.12"]

1. e4 c5 2. Nf3 a6 3. c3 d6 4. d4 Qc7 5. Bd3 g6 6. O-O Bg7 7. Be3 Nf6 8. h3 O-O
9. Re1 b6 10. Nbd2 Bb7 11. d5 Nbd7 12. Rb1 b5 13. c4 b4 14. Nf1 Nb6 15. Qd2
Rfe8 16. Bh6 e6 17. Ng3 Re7 18. Bxg7 Kxg7 19. Bf1 Rae8 20. e5 Nfd7 21. exd6
Qxd6 22. Ne4 Qb8 23. Nxc5 exd5 24. Nxd7 Nxd7 25. Rxe7 Rxe7 26. Qxb4 Re8 27. Re1
Nf6 28. c5 Qc7 29. Rc1 a5 30. Qc3 Bc6 31. Nd4 a4 32. b4 axb3 33. axb3 Kg8 34.
b4 Ne4 35. Qc2 Bd7 36. b5 Qf4 37. c6 Be6 1-0

[Event "WORLD YOUTH CHESS CHAMPIONSHIP 2009 (16"]
[Site "?"]
[Date "2009.11.13"]
[Round "2.4"]
[White "Pujari, Rucha"]
[Black "Paikidze, Nazi"]
[Result "1/2-1/2"]
[WhiteElo "2060"]
[BlackElo "2257"]
[PlyCount "50"]
[EventDate "2009.11.12"]

1. e4 c5 2. Nc3 Nc6 3. f4 g6 4. Nf3 Bg7 5. Bb5 Nd4 6. O-O Nxb5 7. Nxb5 d5 8.
exd5 a6 9. Nc3 Nf6 10. d4 c4 11. Qe2 Nxd5 12. Qxc4 Be6 13. Nxd5 Bxd5 14. Qd3
Bxf3 15. Qxf3 Qxd4+ 16. Kh1 Qc4 17. f5 O-O 18. Bg5 Bf6 19. Bxf6 exf6 20. b3
Qxc2 21. fxg6 hxg6 22. Qxf6 Rae8 23. Rf3 Re6 24. Qh4 Qe4 25. Qxe4 Rxe4 1/2-1/2

[Event "WORLD YOUTH CHESS CHAMPIONSHIP 2009 (16"]
[Site "?"]
[Date "2009.11.13"]
[Round "2.5"]
[White "Arabidze, Meri"]
[Black "Neuhauser, Salome"]
[Result "1-0"]
[WhiteElo "2254"]
[BlackElo "2025"]
[PlyCount "51"]
[EventDate "2009.11.12"]

1. d4 Nf6 2. c4 e6 3. Nf3 Bb4+ 4. Bd2 Qe7 5. g3 Nc6 6. Bg2 Bxd2+ 7. Nbxd2 O-O
8. O-O d6 9. e4 e5 10. d5 Nb8 11. Ne1 a5 12. Nd3 Na6 13. a3 Bg4 14. f3 Bd7 15.
b4 c6 16. Qb3 cxd5 17. cxd5 a4 18. Qb1 Nc7 19. f4 exf4 20. gxf4 Ncxd5 21. exd5
Qe3+ 22. Nf2 Ng4 23. Qe1 Qd4 24. h3 Nxf2 25. Qxf2 Qxf2+ 26. Rxf2 1-0

[Event "WORLD YOUTH CHESS CHAMPIONSHIP 2009 (16"]
[Site "?"]
[Date "2009.11.13"]
[Round "2.6"]
[White "Gorozhankina, Julia"]
[Black "Nguyen, Thi Mai Hung"]
[Result "0-1"]
[WhiteElo "2053"]
[BlackElo "2244"]
[PlyCount "34"]
[EventDate "2009.11.12"]

1. e4 c5 2. Nc3 g6 3. f4 Bg7 4. Nf3 Nc6 5. Bb5 Nd4 6. Bc4 e6 7. e5 d6 8. exd6
Qxd6 9. d3 Nf6 10. O-O O-O 11. a4 b6 12. Nb5 Nxb5 13. axb5 Ng4 14. Ne5 Nxe5 15.
fxe5 Qb8 16. Qf3 Rd8 17. Qf4 Bb7 0-1

[Event "WORLD YOUTH CHESS CHAMPIONSHIP 2009 (16"]
[Site "?"]
[Date "2009.11.13"]
[Round "2.7"]
[White "Bulmaga, Irina"]
[Black "Petrova, Irina"]
[Result "1-0"]
[WhiteElo "2234"]
[BlackElo "2010"]
[PlyCount "43"]
[EventDate "2009.11.12"]

1. e4 c5 2. Nf3 d6 3. d4 cxd4 4. Nxd4 Nf6 5. Nc3 g6 6. Be2 Bg7 7. Bg5 Qa5 8.
Bd2 Qb6 9. Nb3 O-O 10. O-O Nc6 11. Be3 Qc7 12. f4 a6 13. Qd2 Be6 14. Nd5 Bxd5
15. exd5 Nb8 16. c4 Nbd7 17. Rac1 Nc5 18. Nxc5 dxc5 19. Bf3 Rfe8 20. b4 cxb4
21. Qxb4 Qd6 22. c5 1-0

[Event "WORLD YOUTH CHESS CHAMPIONSHIP 2009 (16"]
[Site "?"]
[Date "2009.11.13"]
[Round "2.8"]
[White "Miladinovic, Lena"]
[Black "Kazimova, Narmin Nizami Qizi"]
[Result "0-1"]
[WhiteElo "2016"]
[BlackElo "2214"]
[PlyCount "33"]
[EventDate "2009.11.12"]

1. e4 c5 2. Nf3 d6 3. c3 Nf6 4. Bc4 e6 5. Qe2 a6 6. Bb3 b5 7. O-O Bb7 8. Bc2
Nc6 9. g3 Qb6 10. Rd1 c4 11. d4 cxd3 12. Bxd3 Be7 13. Bc2 O-O 14. Bf4 Qc7 15.
Nbd2 Rac8 16. Bb3 Ne5 17. Nd4 0-1

[Event "WORLD YOUTH CHESS CHAMPIONSHIP 2009 (16"]
[Site "?"]
[Date "2009.11.13"]
[Round "2.9"]
[White "Schut, Lisa"]
[Black "Abylkassymova, Raushan"]
[Result "1-0"]
[WhiteElo "2210"]
[BlackElo "2004"]
[PlyCount "71"]
[EventDate "2009.11.12"]

1. e4 c5 2. Nf3 Nc6 3. d4 cxd4 4. Nxd4 Nf6 5. Nc3 e5 6. Ndb5 d6 7. Bg5 a6 8.
Na3 b5 9. Bxf6 gxf6 10. Nd5 Bg7 11. c3 f5 12. exf5 Bxf5 13. Nc2 O-O 14. Nce3
Be6 15. Bd3 f5 16. O-O e4 17. Nf4 Bf7 18. Bc2 Be5 19. Nfd5 Ne7 20. Bb3 Nxd5 21.
Nxd5 f4 22. Qe2 f3 23. Qxe4 fxg2 24. Qxg2+ Kh8 25. Kh1 Rg8 26. Qh3 Rg5 27. f4
Rh5 28. Qg2 Bg7 29. Nc7 Bxb3 30. axb3 Rc8 31. Ne6 Qe7 32. Qxg7+ Qxg7 33. Nxg7
Kxg7 34. Rxa6 Rb8 35. Rf2 Rh6 36. Kg2 1-0

[Event "WORLD YOUTH CHESS CHAMPIONSHIP 2009 (16"]
[Site "?"]
[Date "2009.11.13"]
[Round "2.10"]
[White "Batkovskyte, Dominyka"]
[Black "Butuc, Maria"]
[Result "1/2-1/2"]
[WhiteElo "2006"]
[BlackElo "2204"]
[PlyCount "32"]
[EventDate "2009.11.12"]

1. d4 d5 2. c4 c6 3. Nf3 Nf6 4. e3 a6 5. Nc3 b5 6. b3 Bg4 7. Be2 e6 8. O-O Nbd7
9. Bb2 Bd6 10. h3 Bh5 11. Rc1 O-O 12. Bd3 Bg6 13. Bxg6 hxg6 14. Qd3 Re8 15. Ne2
Nb8 16. cxd5 cxd5 1/2-1/2

[Event "WORLD YOUTH CHESS CHAMPIONSHIP 2009 (16"]
[Site "?"]
[Date "2009.11.13"]
[Round "2.11"]
[White "Bukhteeva, Viktoria"]
[Black "Karabayeva, Zhanna"]
[Result "1-0"]
[WhiteElo "2203"]
[BlackElo "1994"]
[PlyCount "26"]
[EventDate "2009.11.12"]

1. e4 c5 2. Nf3 Nc6 3. d4 cxd4 4. Nxd4 g6 5. c4 Bg7 6. Be3 Nf6 7. f3 Qa5+ 8.
Nc3 b6 9. Nb3 Qe5 10. Qd2 Qb8 11. Bf4 d6 12. c5 e5 13. cxb6 exf4 1-0

[Event "WORLD YOUTH CHESS CHAMPIONSHIP 2009 (16"]
[Site "?"]
[Date "2009.11.13"]
[Round "2.12"]
[White "Qurbonboeva, Sarvinoz"]
[Black "Shvayger, Yuliya"]
[Result "1/2-1/2"]
[WhiteElo "1988"]
[BlackElo "2202"]
[PlyCount "59"]
[EventDate "2009.11.12"]

1. c4 e5 2. Nc3 Nf6 3. g3 Bb4 4. Bg2 O-O 5. Nf3 Nc6 6. O-O e4 7. Ne1 Bxc3 8.
dxc3 Re8 9. Nc2 d6 10. Bg5 h6 11. Bxf6 Qxf6 12. Ne3 Qd8 13. Qc2 f5 14. Rad1 Be6
15. c5 Qe7 16. cxd6 cxd6 17. Nd5 Qf7 18. Qd2 Ne5 19. b3 Rad8 20. c4 Rc8 21. Nf4
Rc5 22. Qe3 Ra5 23. Rd2 b6 24. Qc3 Rc5 25. Rfd1 Qe7 26. Nxe6 Qxe6 27. Rd5 Nf7
28. Bh3 g6 29. Qe3 Qf6 30. Qd4 1/2-1/2

[Event "WORLD YOUTH CHESS CHAMPIONSHIP 2009 (16"]
[Site "?"]
[Date "2009.11.13"]
[Round "2.13"]
[White "Tjolsen, Katrine"]
[Black "Shakryan, Zozan"]
[Result "1-0"]
[WhiteElo "2194"]
[BlackElo "1966"]
[PlyCount "42"]
[EventDate "2009.11.12"]

1. d4 Nf6 2. c4 e6 3. g3 d5 4. Bg2 Nbd7 5. Nf3 c5 6. cxd5 Nxd5 7. e4 N5f6 8.
Nc3 cxd4 9. Nxd4 Be7 10. O-O O-O 11. Qe2 Bd6 12. Rd1 Qe7 13. Bg5 h6 14. Be3 Nb6
15. Nb3 Nfd7 16. Nb5 Bb8 17. a4 a6 18. N5d4 Ne5 19. Nc6 bxc6 20. Bxb6 Bd7 21.
Qe3 Qb4 1-0

[Event "WORLD YOUTH CHESS CHAMPIONSHIP 2009 (16"]
[Site "?"]
[Date "2009.11.13"]
[Round "2.14"]
[White "Hejazipour, Mitra"]
[Black "Edes, Zsofia"]
[Result "1-0"]
[WhiteElo "2176"]
[BlackElo "1959"]
[PlyCount "31"]
[EventDate "2009.11.12"]

1. e4 c5 2. Nf3 d6 3. d4 cxd4 4. Nxd4 Nf6 5. Nc3 a6 6. h3 e6 7. g4 b5 8. Bg2
Bb7 9. O-O b4 10. Nd5 exd5 11. exd5 g6 12. Nc6 Bxc6 13. dxc6 Ra7 14. g5 Bg7 15.
Re1+ Re7 16. gxf6 1-0

[Event "WORLD YOUTH CHESS CHAMPIONSHIP 2009 (16"]
[Site "?"]
[Date "2009.11.13"]
[Round "2.15"]
[White "Latreche, Sabrina"]
[Black "Baciu, Diana"]
[Result "0-1"]
[WhiteElo "1973"]
[BlackElo "2173"]
[PlyCount "26"]
[EventDate "2009.11.12"]

1. e4 c5 2. Nf3 e6 3. g3 Nc6 4. Bg2 g6 5. d3 Bg7 6. c3 e5 7. Qb3 d6 8. O-O Nge7
9. Nbd2 O-O 10. Nh4 Be6 11. f4 exf4 12. Rxf4 d5 13. Ndf3 dxe4 0-1

[Event "WORLD YOUTH CHESS CHAMPIONSHIP 2009 (16"]
[Site "?"]
[Date "2009.11.13"]
[Round "2.16"]
[White "Suslova, Alena"]
[Black "Ostrowska, Dominika"]
[Result "1-0"]
[WhiteElo "2157"]
[BlackElo "1938"]
[PlyCount "38"]
[EventDate "2009.11.12"]

1. c4 c5 2. Nc3 Nc6 3. g3 g6 4. Bg2 Bg7 5. e4 d6 6. Nge2 Nd4 7. O-O e5 8. d3
Ne7 9. h3 O-O 10. f4 f5 11. Kh2 Nec6 12. Bf3 Be6 13. Na4 Nxe2 14. Qxe2 a6 15.
Bd2 Rb8 16. exf5 Bxf5 17. Rae1 Qe7 18. Bg4 Bf6 19. b3 b5 1-0

[Event "WORLD YOUTH CHESS CHAMPIONSHIP 2009 (16"]
[Site "?"]
[Date "2009.11.13"]
[Round "2.17"]
[White "Abdulla, Khayala Mardan Qizi"]
[Black "Robinson, Darrian"]
[Result "1-0"]
[WhiteElo "2151"]
[BlackElo "1931"]
[PlyCount "57"]
[EventDate "2009.11.12"]

1. e4 c5 2. Nf3 d6 3. d4 cxd4 4. Nxd4 Nf6 5. Nc3 g6 6. Be3 Bg7 7. f3 O-O 8. Qd2
Nc6 9. Bc4 Bd7 10. O-O-O Rc8 11. Bb3 Ne5 12. h4 h5 13. Kb1 Nc4 14. Bxc4 Rxc4
15. Nde2 b5 16. Bh6 Qa5 17. Bxg7 Kxg7 18. Nf4 Rfc8 19. Ncd5 b4 20. Nxe7 Rxc2
21. Qxd6 b3 22. axb3 Rxb2+ 23. Kxb2 Qc3+ 24. Ka2 Rc5 25. Qxc5 Qxc5 26. Ned5
Nxd5 27. Rxd5 Qf2+ 28. Ka3 Bc6 29. Rg5 1-0

[Event "WORLD YOUTH CHESS CHAMPIONSHIP 2009 (16"]
[Site "?"]
[Date "2009.11.13"]
[Round "2.18"]
[White "Shristi, J  Shetty"]
[Black "Gagare, Shalmali"]
[Result "1/2-1/2"]
[WhiteElo "1950"]
[BlackElo "2150"]
[PlyCount "28"]
[EventDate "2009.11.12"]

1. e4 c5 2. Nf3 g6 3. d4 cxd4 4. Nxd4 Nc6 5. Be3 Nf6 6. Nc3 Bg7 7. Be2 O-O 8.
Qd2 d5 9. exd5 Nxd5 10. Nxd5 Qxd5 11. Bf3 Qc5 12. Be2 Qd5 13. Bf3 Qe5 14. Nxc6
bxc6 1/2-1/2

[Event "WORLD YOUTH CHESS CHAMPIONSHIP 2009 (16"]
[Site "?"]
[Date "2009.11.13"]
[Round "2.19"]
[White "Foisor, Mihaela-Veronica"]
[Black "Sulamanidze, Mariam"]
[Result "1-0"]
[WhiteElo "2150"]
[BlackElo "1792"]
[PlyCount "30"]
[EventDate "2009.11.12"]

1. d4 Nf6 2. c4 g6 3. Nc3 d5 4. cxd5 Nxd5 5. Bd2 Bg7 6. e4 Nb6 7. Be3 O-O 8.
Be2 Nc6 9. Nf3 Bg4 10. d5 Bxf3 11. Bxf3 Ne5 12. h4 Nbc4 13. Qb3 Nxe3 14. fxe3
c6 15. Rd1 Qc7 1-0

[Event "WORLD YOUTH CHESS CHAMPIONSHIP 2009 (16"]
[Site "?"]
[Date "2009.11.13"]
[Round "2.23"]
[White "Mona, Khaled"]
[Black "Sanal, Suna"]
[Result "1-0"]
[WhiteElo "2101"]
[BlackElo "1719"]
[PlyCount "39"]
[EventDate "2009.11.12"]

1. d4 d5 2. Nf3 Nf6 3. e3 e6 4. Bd3 c5 5. c3 Nc6 6. Nbd2 Bd6 7. O-O O-O 8. Qe2
Qc7 9. dxc5 Bxc5 10. e4 dxe4 11. Nxe4 Nxe4 12. Qxe4 f5 13. Qh4 e5 14. Qc4+ Rf7
15. Qxc5 e4 16. Re1 b6 17. Qd5 Bb7 18. Bc4 exf3 19. Bf4 Qxf4 20. Qxf7+ 1-0

[Event "WORLD YOUTH CHESS CHAMPIONSHIP 2009 (16"]
[Site "?"]
[Date "2009.11.13"]
[Round "2.25"]
[White "Wunderl, Eva"]
[Black "Olsarova, Karolina"]
[Result "0-1"]
[WhiteElo "1821"]
[BlackElo "2192"]
[PlyCount "63"]
[EventDate "2009.11.12"]

1. e4 e5 2. Nf3 Nc6 3. Bc4 Nf6 4. a3 Be7 5. O-O O-O 6. Re1 d6 7. a4 Re8 8. a5
a6 9. d3 h6 10. c3 Be6 11. Bxe6 fxe6 12. b4 Bf8 13. Qc2 Nh5 14. Be3 d5 15. d4
exd4 16. Nxd4 Nxd4 17. Bxd4 Nf4 18. Be5 Qg5 19. Bxf4 Qxf4 20. Nd2 c5 21. exd5
exd5 22. Qa2 Rxe1+ 23. Rxe1 cxb4 24. Qxd5+ Qf7 25. c4 Qxd5 26. cxd5 Rd8 27. Re5
Bd6 28. Rf5 Bc7 29. Nc4 g6 30. Rf6 Rxd5 31. Rxg6+ Kh7 32. Re6 0-1

[Event "WORLD YOUTH CHESS CHAMPIONSHIP 2009 (16"]
[Site "?"]
[Date "2009.11.13"]
[Round "2.27"]
[White "Gevorgyan, Maria"]
[Black "Nasriddinzoda, Marvorii"]
[Result "1-0"]
[WhiteElo "1868"]
[BlackElo "1987"]
[PlyCount "24"]
[EventDate "2009.11.12"]

1. e4 e5 2. Nf3 Qe7 3. Bc4 d6 4. Nc3 c6 5. O-O g6 6. d3 Nh6 7. h3 f6 8. Nh2 Be6
9. Bxe6 Qxe6 10. f4 Nd7 11. f5 Qe7 12. h4 Nf7 1-0

[Event "WORLD YOUTH CHESS CHAMPIONSHIP 2009 (16"]
[Site "?"]
[Date "2009.11.13"]
[Round "2.28"]
[White "Bharathi, R."]
[Black "Kaplan, Ebru"]
[Result "0-1"]
[WhiteElo "2148"]
[BlackElo "1784"]
[PlyCount "56"]
[EventDate "2009.11.12"]

1. e4 c5 2. Nf3 d6 3. d4 cxd4 4. Nxd4 Nf6 5. Nc3 g6 6. Be2 Bg7 7. O-O Nc6 8.
Nb3 O-O 9. Re1 Be6 10. Bg5 Na5 11. Nd4 Bc4 12. Bf3 Rc8 13. Qd2 Nc6 14. g3 Nxd4
15. Qxd4 Nd5 16. Qd2 Nxc3 17. bxc3 Ba6 18. e5 Bxe5 19. Bg4 Bxc3 20. Qe3 Bxe1
21. Bxc8 Bxf2+ 22. Qxf2 Qxc8 23. Bxe7 Re8 24. Bxd6 Qc3 25. Rd1 Re2 26. Qxa7
Re1+ 27. Kg2 Qxc2+ 28. Kh3 Bf1+ 0-1

[Event "WORLD YOUTH CHESS CHAMPIONSHIP 2009 (16"]
[Site "?"]
[Date "2009.11.13"]
[Round "2.29"]
[White "Jorayewa, Govher"]
[Black "Asan, Elvan"]
[Result "0-1"]
[WhiteElo "2064"]
[BlackElo "1785"]
[PlyCount "54"]
[EventDate "2009.11.12"]

1. d4 Nf6 2. Nf3 e6 3. a3 d5 4. Bf4 Nbd7 5. e3 Be7 6. Bd3 O-O 7. O-O Nh5 8. Bg3
Nxg3 9. hxg3 c5 10. c4 dxc4 11. Bxc4 Bf6 12. Nc3 a6 13. Rc1 b5 14. Bb3 c4 15.
Ba2 Bb7 16. b3 cxb3 17. Bxb3 Rc8 18. Qd3 Qa5 19. a4 b4 20. Ne4 Qf5 21. Nxf6+
Qxf6 22. Bc2 Qh6 23. Ng5 Nf6 24. Nh3 Rc3 25. Qd2 Rfc8 26. Bd3 Ne4 27. Qb2 a5
0-1

[Event "WORLD YOUTH CHESS CHAMPIONSHIP 2009 (16"]
[Site "?"]
[Date "2009.11.13"]
[Round "2.31"]
[White "Lisac, Tihana"]
[Black "Soylemez, Cansu"]
[Result "0-1"]
[WhiteElo "1750"]
[BlackElo "1913"]
[PlyCount "32"]
[EventDate "2009.11.12"]

1. e4 c5 2. Nf3 Nc6 3. c3 Nf6 4. e5 Nd5 5. d4 cxd4 6. cxd4 e6 7. Bc4 d6 8. Bxd5
exd5 9. h3 Be7 10. O-O O-O 11. Be3 Be6 12. Nc3 Rc8 13. Rc1 Na5 14. b3 dxe5 15.
dxe5 Ba3 16. Qd3 Bxc1 0-1

[Event "WORLD YOUTH CHESS CHAMPIONSHIP 2009 (16"]
[Site "?"]
[Date "2009.11.13"]
[Round "2.32"]
[White "Kaya, Emel"]
[Black "Morgul, Elcin"]
[Result "1-0"]
[WhiteElo "1909"]
[BlackElo "1753"]
[PlyCount "67"]
[EventDate "2009.11.12"]

1. e4 c6 2. c4 d5 3. exd5 cxd5 4. cxd5 Nf6 5. Bb5+ Nbd7 6. Nc3 a6 7. Ba4 b5 8.
Bc2 Nb6 9. Nf3 Nbxd5 10. d4 e6 11. O-O Be7 12. a3 O-O 13. Qd3 Bb7 14. Re1 Qc7
15. Ne5 Rac8 16. Bd2 g6 17. Qh3 Bd6 18. Bd3 Nxc3 19. Bxc3 Bd5 20. Rac1 Qb7 21.
f3 Rfe8 22. Qh4 Kg7 23. Bd2 Ng8 24. Ng4 Be7 25. Qg3 Qb8 26. Bf4 Qb6 27. Be3 Qd6
28. Qh3 Rxc1 29. Rxc1 Qb6 30. Ne5 Rd8 31. Nxf7 Kxf7 32. Qxh7+ Kf8 33. Bxg6 e5
34. Bh6+ 1-0

[Event "WORLD YOUTH CHESS CHAMPIONSHIP 2009 (16"]
[Site "?"]
[Date "2009.11.13"]
[Round "2.33"]
[White "Udapitiyage, Samasha Sayanjalee"]
[Black "Sop, Selen"]
[Result "1/2-1/2"]
[WhiteElo "1740"]
[BlackElo "1906"]
[PlyCount "55"]
[EventDate "2009.11.12"]

1. e4 c5 2. Nf3 d6 3. d4 cxd4 4. Nxd4 Nf6 5. Nc3 a6 6. Be2 e5 7. Nb3 Be6 8. f4
b5 9. fxe5 dxe5 10. Qxd8+ Kxd8 11. Bg5 Bb4 12. Bxf6+ gxf6 13. O-O-O+ Ke7 14.
Nd5+ Bxd5 15. Rxd5 Nc6 16. Rhd1 Rhd8 17. Rxd8 Nxd8 18. c3 Ne6 19. Bg4 Bd6 20.
g3 Rg8 21. Bf5 h5 22. Na5 Rc8 23. Nb3 Rc6 24. Na5 Rc7 25. Nb3 Ng5 26. h4 Ne6
27. Kb1 Rc8 28. Nd2 1/2-1/2

[Event "WORLD YOUTH CHESS CHAMPIONSHIP 2009 (16"]
[Site "?"]
[Date "2009.11.13"]
[Round "2.34"]
[White "Stojkovska, Monika"]
[Black "Arig, Busra"]
[Result "0-1"]
[WhiteElo "1906"]
[BlackElo "1747"]
[PlyCount "50"]
[EventDate "2009.11.12"]

1. e4 c5 2. Nf3 e6 3. d4 cxd4 4. Nxd4 a6 5. Nc3 Qc7 6. Bd3 Nf6 7. O-O b5 8. Kh1
Bb7 9. Qe2 d6 10. f4 Nbd7 11. Bd2 Be7 12. Rae1 Nc5 13. e5 Nxd3 14. cxd3 dxe5
15. fxe5 Nd7 16. Qg4 Nc5 17. Re3 O-O-O 18. Nce2 h5 19. Qf4 g5 20. Qf2 h4 21. b4
h3 22. Rc1 hxg2+ 23. Kg1 g4 24. Nb3 Rxh2 25. Ng3 Rh1+ 0-1

[Event "WORLD YOUTH CHESS CHAMPIONSHIP 2009 (16"]
[Site "?"]
[Date "2009.11.13"]
[Round "2.35"]
[White "Chakvetadze, Dea"]
[Black "Arnatskaya, Zoya"]
[Result "1/2-1/2"]
[WhiteElo "1696"]
[BlackElo "1893"]
[PlyCount "41"]
[EventDate "2009.11.12"]

1. c4 Nf6 2. Nc3 e5 3. g3 d5 4. cxd5 Nxd5 5. Bg2 Nb6 6. d3 Be7 7. Nf3 Nc6 8.
O-O O-O 9. a3 a5 10. Qc2 Re8 11. Be3 Bf8 12. Ne4 Nd5 13. Bc5 Bg4 14. Bxf8 Rxf8
15. e3 Nf6 16. Qc5 Qe7 17. d4 exd4 18. exd4 Rad8 19. Rfe1 Qd6 20. h3 Bc8 21.
Rad1 1/2-1/2

[Event "WORLD YOUTH CHESS CHAMPIONSHIP 2009 (16"]
[Site "?"]
[Date "2009.11.13"]
[Round "2.36"]
[White "Morgaenko, Ekaterina"]
[Black "Hapala, Lisa"]
[Result "1-0"]
[WhiteElo "1893"]
[BlackElo "1674"]
[PlyCount "47"]
[EventDate "2009.11.12"]

1. d4 d5 2. c4 c6 3. Nc3 Nf6 4. cxd5 cxd5 5. Bg5 e6 6. e3 Be7 7. Qc2 Nc6 8. a3
Bd7 9. Bd3 h6 10. Bh4 Rc8 11. Nge2 O-O 12. O-O a6 13. Rac1 Qc7 14. Bg3 Bd6 15.
Bxd6 Qxd6 16. f3 e5 17. dxe5 Qxe5 18. Ng3 d4 19. exd4 Qxd4+ 20. Kh1 Rfe8 21.
Nge4 Nxe4 22. Bxe4 Be6 23. Rfd1 Qb6 24. Nd5 1-0

[Event "WORLD YOUTH CHESS CHAMPIONSHIP 2009 (16"]
[Site "?"]
[Date "2009.11.13"]
[Round "2.37"]
[White "Isparta, Sevim"]
[Black "Shangarayeva, Daiana"]
[Result "0-1"]
[WhiteElo "1638"]
[BlackElo "1893"]
[PlyCount "84"]
[EventDate "2009.11.12"]

1. e4 c5 2. Nf3 Nc6 3. d4 cxd4 4. Nxd4 g6 5. Nc3 Bg7 6. Be3 Nf6 7. f3 O-O 8.
Qd2 d5 9. exd5 Nxd5 10. Nxd5 Qxd5 11. c3 Nxd4 12. Bxd4 Bxd4 13. Qxd4 Qxd4 14.
cxd4 Rd8 15. O-O-O Bf5 16. Bd3 Be6 17. b3 Rxd4 18. Be4 Rc8+ 19. Kb2 Rxd1 20.
Rxd1 Rc7 21. Rd4 Kg7 22. Ra4 b6 23. Rd4 Kf6 24. Rd8 h5 25. Rd4 Bf5 26. g3 Bxe4
27. Rxe4 Kf5 28. Rf4+ Ke6 29. Re4+ Kd5 30. Rf4 f5 31. g4 hxg4 32. fxg4 e5 33.
Rf2 fxg4 34. Rg2 e4 35. Rxg4 Rc6 36. Rg1 e3 37. Rc1 Rxc1 38. Kxc1 Kd4 39. Kd1
g5 40. Ke2 g4 41. a3 a6 42. Kd1 Kd3 0-1

[Event "WORLD YOUTH CHESS CHAMPIONSHIP 2009 (16"]
[Site "?"]
[Date "2009.11.13"]
[Round "2.38"]
[White "Anker, Christin"]
[Black "Diril, Isil"]
[Result "1-0"]
[WhiteElo "1888"]
[BlackElo "1585"]
[PlyCount "83"]
[EventDate "2009.11.12"]

1. e4 d5 2. exd5 Qxd5 3. Nc3 Qa5 4. d4 Nf6 5. Bc4 Bf5 6. Nf3 e6 7. Bd2 c6 8.
Nd5 Qd8 9. Nxf6+ gxf6 10. Bb3 Bd6 11. Qe2 Qe7 12. O-O-O Nd7 13. Rhe1 O-O-O 14.
Nh4 Bg6 15. f4 Rde8 16. Qf3 f5 17. g3 Qd8 18. c4 Nf6 19. Bc3 Bh5 20. Qe3 Bxd1
21. Rxd1 Ne4 22. Be1 Qf6 23. Nf3 c5 24. Ng5 cxd4 25. Nxe4 fxe4 26. Qxe4 e5 27.
Ba4 Re7 28. fxe5 Qxe5 29. Qg4+ Kb8 30. Bf2 Bc5 31. b4 Bb6 32. c5 Rc8 33. Bxd4
Qe6 34. Qxe6 fxe6 35. g4 Bc7 36. Bf6 Rf7 37. g5 h6 38. Bd7 Bf4+ 39. Kc2 Rc7 40.
Bxe6 Rf8 41. g6 Rxf6 42. g7 1-0

[Event "WORLD YOUTH CHESS CHAMPIONSHIP 2009 (16"]
[Site "?"]
[Date "2009.11.13"]
[Round "2.39"]
[White "Van Aarde, Lenke"]
[Black "Bauer, Marie-Christine"]
[Result "0-1"]
[WhiteElo "1555"]
[BlackElo "1888"]
[PlyCount "62"]
[EventDate "2009.11.12"]

1. e4 e5 2. Nf3 Nc6 3. Bb5 a6 4. Ba4 Nf6 5. d4 exd4 6. e5 Ne4 7. O-O Be7 8.
Bxc6 dxc6 9. Re1 Nc5 10. Nxd4 O-O 11. Nc3 Re8 12. f4 Ne6 13. Nf5 Bc5+ 14. Kf1
Qxd1 15. Rxd1 Nxf4 16. Nxg7 Kxg7 17. Bxf4 Bf5 18. Rd2 Re7 19. g4 Bg6 20. h4 h5
21. gxh5 Bxh5 22. Ne4 Bb6 23. Rg2+ Bg6 24. h5 Rh8 25. h6+ Rxh6 26. Bxh6+ Kxh6
27. Nf6 Kg7 28. Re1 Bd4 29. Re4 Bxe5 30. Nh5+ Kf8 31. Rh4 Bxb2 0-1

[Event "WORLD YOUTH CHESS CHAMPIONSHIP 2009 (16"]
[Site "?"]
[Date "2009.11.13"]
[Round "2.40"]
[White "Abdurahmanli, Aytaj Azad Qizi"]
[Black "Mcdonald, Maryann"]
[Result "1-0"]
[WhiteElo "1878"]
[BlackElo "1530"]
[PlyCount "46"]
[EventDate "2009.11.12"]

1. Nf3 d5 2. g3 Nf6 3. Bg2 c5 4. d4 e6 5. c4 Nc6 6. cxd5 Nxd5 7. O-O Be7 8.
dxc5 Bxc5 9. a3 O-O 10. b4 Be7 11. Bb2 Bf6 12. Qb3 a5 13. b5 a4 14. Qc2 Bxb2
15. Qxb2 Qb6 16. Nbd2 Na5 17. Rab1 f6 18. Rfc1 Bd7 19. e4 Ne7 20. Qb4 Ng6 21.
Qxa4 Rac8 22. Rf1 e5 23. Qb4 Qd8 1-0